Motivations for accepting or refusing Covid-19 vaccination in nursing homes and long-term care centers in France: the Vaccovid-senior study (notice n° 1741467)

détails MARC
000 -LEADER
fixed length control field 03112cam a2200277 4500500
005 - DATE AND TIME OF LATEST TRANSACTION
control field 20260322004555.0
041 ## - LANGUAGE CODE
Language code of text/sound track or separate title fre
042 ## - AUTHENTICATION CODE
Authentication code dc
100 10 - MAIN ENTRY--PERSONAL NAME
Personal name Sacco, Guillaume
Relator term author
245 00 - TITLE STATEMENT
Title Motivations for accepting or refusing Covid-19 vaccination in nursing homes and long-term care centers in France: the Vaccovid-senior study
260 ## - PUBLICATION, DISTRIBUTION, ETC.
Date of publication, distribution, etc. 2026.<br/>
500 ## - GENERAL NOTE
General note 47
520 ## - SUMMARY, ETC.
Summary, etc. BackgroundVaccination against SARS-CoV-2 remains the most powerful strategy to fight against the Covid-19 pandemic around the word. Nevertheless, the level of complete vaccination (including all recommended boosters) is not optimal, even in the most vulnerable population, i.e. older adults living in nursing homes (NH) and long-term care units (LTCU). In this context, the understanding of the patients’ reluctance to vaccination seems particularly important and our objective was to understand the acceptance or refusal mechanisms of the Covid-19 vaccine among people living in NH and LTCU.MethodNational French cross-sectional study conducted between June and September 202 including 101 health care professionals working in NH or LTCU and represents 10,152 residents living in the respondents’ establishments.ResultsThe Vaccovid-Senior cohort included 323 residents (89 ± 6.5 years, 69% women, 89.2% living in NH); 179 agreed to vaccination and 144 were not vaccinated. In multivariate analysis, the only modifiable characteristics associated with the acceptance was a regular influenza vaccination (OR = 29.43; 95CI [12.11-71.53]; p &lt; 0.001), and with refusal was receiving information from Internet and social media (OR = 0.34; 95CI [0.13-0.88]; p = 0.026). Remarkably, the interaction analysis revealed that the residents who were usually vaccinated against influenza and able to understand the information given about Covid-19 were 17,5 times more likely to accept the Covid-19 vaccination (RR = 17,5; 95CI [4,5-68,0]) compared to residents with polypharmacy but without regular influenza vaccination.ConclusionsVaccine acceptance can be improved by repeated efforts to listen to and explain the vaccine to the older population, their families, and the care teams. Isolating these situations of refusal allowed us to foresee avenues of improvement such as the communication of information on the vaccine, the nudge strategy and training to give information adapted to the level of understanding.
700 10 - ADDED ENTRY--PERSONAL NAME
Personal name Chapuis, Elisa
Relator term author
700 10 - ADDED ENTRY--PERSONAL NAME
Personal name Michel, Emeline
Relator term author
700 10 - ADDED ENTRY--PERSONAL NAME
Personal name Brière, Olivier
Relator term author
700 10 - ADDED ENTRY--PERSONAL NAME
Personal name Aquino, Jean-Pierre
Relator term author
700 10 - ADDED ENTRY--PERSONAL NAME
Personal name Gavazzi, Gaétan
Relator term author
700 10 - ADDED ENTRY--PERSONAL NAME
Personal name Bonin-Guillaume, Sylvie
Relator term author
700 10 - ADDED ENTRY--PERSONAL NAME
Personal name Guerin, Olivier
Relator term author
700 10 - ADDED ENTRY--PERSONAL NAME
Personal name Salles, Nathalie
Relator term author
700 10 - ADDED ENTRY--PERSONAL NAME
Personal name Annweiler, Cédric
Relator term author
700 10 - ADDED ENTRY--PERSONAL NAME
Personal name on behalf of the SFGG study group
Relator term author
786 0# - DATA SOURCE ENTRY
Note Gériatrie et Psychologie Neuropsychiatrie du Vieillissement | 23 | 4 | 2026-02-04 | p. 417-426 | 2115-8789
856 41 - ELECTRONIC LOCATION AND ACCESS
Uniform Resource Identifier <a href="https://stm.cairn.info/journal-geriatrie-et-psychologie-neuropsychiatrie-du-vieillissement-2025-4-page-417?lang=en&redirect-ssocas=7080">https://stm.cairn.info/journal-geriatrie-et-psychologie-neuropsychiatrie-du-vieillissement-2025-4-page-417?lang=en&redirect-ssocas=7080</a>

Pas d'exemplaire disponible.

PLUDOC

PLUDOC est la plateforme unique et centralisée de gestion des bibliothèques physiques et numériques de Guinée administré par le CEDUST. Elle est la plus grande base de données de ressources documentaires pour les Étudiants, Enseignants chercheurs et Chercheurs de Guinée.

Adresse

627 919 101/664 919 101

25 boulevard du commerce
Kaloum, Conakry, Guinée

Réseaux sociaux

Powered by Netsen Group @ 2025